000 006790000a22002050004500
001 6734
003 CO-MdBIC
020 _a978-84-301-1667-6
040 _bspa.
082 0 4 _aR 220.64 A474s
100 1 _aAlves, Herculano
245 1 0 _aSímbolos en la biblia / Herculano Alves ; traducción de Luis Rubio
260 _aSalamanca : Sígueme
300 _a547 p.
500 _aTítulo original en portugués: Símbolos na Bíblia
501 _aPasta dura
505 0 0 _aEl lenguaje simbólico - Los símbolos y las fiestas litúrgicas
650 1 4 _aBIBLIA - HISTORIA CLASICA - SIMBOLOS \ BIBLIA - HISTORIA CLASICA - ICONOGRAFIA \ ENCICLOPEDIAS Y DICCIONARIOS
942 _cBK
999 _c37000
_d37000